Evaulation of accurancy of determining point position by use of active geodetic network-PL (ASG-PL) / (Rekord nr 8785)
| 000 -ETYKIETA REKORDU | |
|---|---|
| podpole kontrolne o stałej długości | 00904naa a22001937i 4500 |
| 001 - NUMER KONTROLNY REKORDU | |
| podpole kontrolne | 8785 |
| 003 - IDENTYFIKATOR NUMERU KONTROLNEGO REKORDU | |
| podpole kontrolne | KOSZ 005 |
| 005 - DATA OSTATNIEJ MODYFIKACJI REKORDU | |
| podpole kontrolne | 20180306110201.0 |
| 008 - POLE O STAŁEJ DŁUGOŚCI - DANE KONTROLNE | |
| podpole kontrolne o stałej długości | 180305s2008 li ||||| ||||1|| 0 eng |
| 040 ## - ŹRÓDŁO KATALOGOWANIA | |
| Instytucja, która utworzyła rekord | KOSZ 005/HR |
| Instytucja, która sporządziła opis | KOSZ 005/HR |
| 041 0# - KOD JĘZYKA | |
| Kod języka tekstu | eng |
| 100 ## - NAZWA OSOBOWA | |
| Nazwa osobowa | JAGODA, Marcin. |
| Instytucja | Politechnika Koszalińska |
| 245 10 - TYTUŁ/ODPOWIEDZIALNOŚĆ | |
| Tytuł | Evaulation of accurancy of determining point position by use of active geodetic network-PL (ASG-PL) / |
| Pozostałe elementy strefy tytułu i oznaczenia odpowiedzialności | A. Jackiewicz, Marcin Jagoda, Czesław Suchocki. |
| 655 #0 - TERMIN INDEKSOWY - OKREŚLENIE RODZAJU/FORMY DOKUMENTU | |
| Określnie rodzaju/formy dokumentu | Materiały konferencyjne. |
| 700 1# - HASŁO DODATKOWE - NAZWA OSOBOWA | |
| Nazwa osobowa | SUCHOCKI, Czesław. |
| Lata pracy | 2004 - . |
| Instytucja | Politechnika Koszalińska - Wydział Budownictwa i Inżynierii Środowiska, |
| Wydział | Katedra Geodezji Gospodarczej |
| 711 22 - HASŁO DODATKOWE - NAZWA IMPREZY | |
| Nazwa imprezy | Environmental Engineering |
| Oznaczenie części/sekcji dzieła | (7 ; |
| Data imprezy | 2008 ; |
| Miejsce imprezy | Wilno, Litwa). |
| 773 0# - TYTUŁ DOKUMENTU MACIERZYSTEGO | |
| Wyrażenie wprowadzające | W : |
| Tytuł | The 7th International Conference Environmental Engineering. Vol. 3. - |
| Adres wydawniczy | Vilnius : “Technika”, 2008. - |
| 942 ## - HASŁO DODATKOWE - ELEMENTY(KOHA) | |
| Typ dokumentu | Rozdział |
| Schemat klasyfikacji | Uniwersalna klasyfikacja dziesiętna |
Brak dostępnych egzemplarzy.
